000 00343nam a2200133Ia 4500
008 220204s9999 xx 000 0 und d
082 _a678:539.2
_bATK
100 _aAtkins, E D T
245 0 _aStructure of fibrous biopolymers
260 _aLondon
_bButterworths
_c1975
650 _aPolysaccharide gels
700 _aKeller, A
942 _cBK
999 _c24876
_d24876